Understanding automotive specifications and data (Record no. 60665)

MARC details
000 -LEADER
fixed length control field 00525nam a2200145 a 4500
008 - FIXED-LENGTH DATA ELEMENTS--GENERAL INFORMATION
fixed length control field 120416s0000 ||||||||||||||||| || u
020 ## - INTERNATIONAL STANDARD BOOK NUMBER
International Standard Book Number 0830609164
050 ## - LIBRARY OF CONGRESS CALL NUMBER
Classification number TL 154 Fla
100 ## - MAIN ENTRY--PERSONAL NAME
Personal name Flammang, James M
245 10 - TITLE STATEMENT
Title Understanding automotive specifications and data
260 ## - PUBLICATION, DISTRIBUTION, ETC.
Place of publication, distribution, etc. Blue Pidge Summit
Name of publisher, distributor, etc. TAB Books
Date of publication, distribution, etc. 1986
300 ## - PHYSICAL DESCRIPTION
Extent ix, 197p. : ill.
350 ## - PRICE (NR) (BK AM CF MU VM SE) [OBSOLETE]
Price 0.00
995 ## - RECOMMENDATION 995 [LOCAL, UNIMARC FRANCE]
-- 0.00
-- CBU-MAIN LIBRARY (Kitwe)
-- 1
-- 19.95
-- AVAILABLE
-- Main Library Open Access Collection
Holdings
Withdrawn status Lost status Source of classification or shelving scheme Damaged status Not for loan Home library Current library Shelving location Date acquired Total Checkouts Full call number Barcode Date last seen Price effective from Koha item type
          CBU-MAIN LIBRARY, KITWE. CBU-MAIN LIBRARY, KITWE.   11/30/2022   TL 154 Fla 015809 11/30/2022 11/30/2022 MONOGRAPH